[Event "HUN-chT9899"]
[Site "HUN"]
[Date "1998.??.??"]
[Round "?"]
[White "Turzo, Attila"]
[Black "Berkes, Ferenc"]
[Result "1-0"]
[WhiteElo "2365"]
[BlackElo "2345"]

1.e4 e6 2.d4 d5 3.Nc3 Bb4 4.e5 Ne7 5.Bd2 b6 6.Bb5+ c6 7.Ba4 O-O 8.Nce2 Bxd2+
9.Qxd2 c5 10.c3 Nbc6 11.Bb5 a5 12.f4 Ba6 13.Bxa6 Rxa6 14.Nf3 Ra7 15.O-O Nf5
16.g4 Nh4 17.Qe3 Rc7 18.Rad1 a4 19.f5 Nxf3+ 20.Rxf3 Qh4 21.f6 gxf6 22.exf6 Kh8
23.h3 Rg8 24.Kg2 Na5 25.Nf4 Nc4 26.Qe2 Rcc8 27.b3 Nd6 28.c4 cxd4 29.Nxe6 Ne4
30.Nxd4 Rxg4+ 31.hxg4 Qxg4+ 32.Kh2 Rg8 33.Qf1 Rg5 34.Rdd3 h6 35.Rh3 Kh7 36.cxd5 Rxd5
37.Qf3 Qg6 38.Ne2 Rf5 39.Nf4  1-0

[Event "HUN-chT9899"]
[Site "HUN"]
[Date "1998.??.??"]
[Round "?"]
[White "Kiss, Gedeon"]
[Black "Portisch, Ferenc"]
[Result "1-0"]
[WhiteElo "2235"]
[BlackElo "2375"]

1.e4 e6 2.d4 d5 3.Nc3 Bb4 4.e5 Ne7 5.Nf3 c5 6.a3 Bxc3+ 7.bxc3 Qa5 8.Bd2 Nbc6
9.h4 cxd4 10.cxd4 Qa4 11.h5 Nxd4 12.Bd3 Bd7 13.Rb1 O-O-O 14.Rb4 Nxf3+ 15.Qxf3 Qxa3
16.O-O Nc6 17.Rb3 Qa4 18.Rfb1 b6 19.Qd1 Kb7 20.Be3 d4 21.Ra1 Qxb3 22.cxb3 dxe3
23.Be4 exf2+ 24.Kxf2 f5 25.Bf3 Bc8 26.Qc2 Rd5 27.Rc1 Rc5 28.Bxc6+ Kxc6 29.Qd2 Rxc1
30.Qxc1+ Kb7 31.Qg5 Ka6 32.Qxg7 Rd8 33.Qc7 Rg8 34.Qxh7 Rg4 35.h6 Bb7 36.Qg7  1-0

[Event "HUN-chT29899"]
[Site "HUN"]
[Date "1998.??.??"]
[Round "?"]
[White "Juhasz, Jozsef"]
[Black "Bencze, Laszlo"]
[Result "0-1"]
[WhiteElo "2240"]
[BlackElo "2330"]

1.e4 e6 2.d4 d5 3.Nc3 Bb4 4.e5 b6 5.a3 Bf8 6.Nf3 Ne7 7.Bb5+ c6 8.Ba4 a5 9.Ne2 Ba6
10.c3 Nd7 11.O-O c5 12.Re1 Qc7 13.Nf4 Rc8 14.Bd2 b5 15.Bc2 cxd4 16.Nxd4 g6
17.Qe2 Qb7 18.Bd3 Nc6 19.Nxb5 Nc5 20.Nd6+ Bxd6 21.Bxa6 Qxa6 22.Qxa6 Nxa6
23.exd6 Kd7 24.b4 Rb8 25.Nd3 f6 26.a4 axb4 27.cxb4 Ncxb4 28.Bxb4 Nxb4 29.Nxb4 Rxb4
30.a5 Ra8 31.Re2 Rxa5  0-1

[Event "HUN-chT9899"]
[Site "HUN"]
[Date "1998.??.??"]
[Round "?"]
[White "Medvegy, Zoltan"]
[Black "Jamrich, Gyorgy"]
[Result "1/2-1/2"]
[WhiteElo "2370"]
[BlackElo "2310"]

1.e4 e6 2.d4 d5 3.Nc3 Bb4 4.e5 b6 5.Qg4 Bf8 6.Nh3 Qd7 7.Be3 Nc6 8.a3 Bb7
9.Bb5 O-O-O 10.Qe2 Kb8 11.g4 g6 12.Nf4 Bh6 13.O-O-O f6 14.exf6 Bxf4 15.Bxf4 Nxf6
16.Be5 Rhf8 17.f3 Qf7 18.Bxc6 Bxc6 19.Rdf1 Ne8 20.h4 h5 21.Rhg1 Nf6 22.gxh5 Nxh5
23.Rg5 Be8 24.Nd1 Ng7 25.Ne3 Nf5 26.Nxf5 exf5 27.Rfg1 Qe7 28.Qh2 Rd7 29.Qf4 Qe6
30.Re1 Kb7 31.Re3 Re7 32.Rg1 Qc8 33.Qh6 Bf7 34.Qf4 Be8 35.Re2 Rh7 36.Rge1 Qd8
37.Rh2 Rh5 38.Rg1 Qd7 39.Rg5 Rh7 40.Qg3 a5 41.Rg2 a4 42.Qh2 Qb5 43.Rg1 Qc4
44.Kb1 b5 45.Rh1 b4 46.Qd2 Ka6 47.Qxb4 Qxb4 48.axb4 Kb5 49.c3 Kc4 50.Kc2 c6
51.Rg2 Bf7 52.Rgh2 Ra8 53.Ra1 Be6 54.Kd2 Kb3 55.Kd3 a3 56.bxa3 Rxa3 57.Rxa3+ Kxa3
58.Rh1 Kb2 59.Bf4 Bc8 60.Bg5 Ra7 61.h5 gxh5 62.Rxh5 Ba6+ 63.Kd2 Rg7 64.f4 Bb5
65.Rh8 Rf7 66.Rh6 Kb3 67.Rh3 Ra7 68.Ke1 Ra1+ 69.Kf2 Ra2+ 70.Ke1 Rc2 71.Re3 Rxc3
72.Kd2  1/2-1/2

[Event "HUN-chT 9798"]
[Site "Hungary"]
[Date "1998.??.??"]
[Round "?"]
[White "Gross, David"]
[Black "Farago, Ivan"]
[Result "1/2-1/2"]
[WhiteElo "2360"]
[BlackElo "2470"]

1.e4 e6 2.d4 d5 3.Nc3 Bb4 4.e5 Ne7 5.a3 Bxc3+ 6.bxc3 c5 7.Qg4 O-O 8.Bd3 f5
9.exf6 Rxf6 10.Bg5 Rf7 11.Qh5 g6 12.Qd1 Nbc6 13.Nf3 Qc7 14.O-O c4 15.Be2 Nf5
16.Qc1 Bd7 17.Bf4 Nfxd4 18.Bxc7 Nxe2+ 19.Kh1 Nxc1 20.Raxc1 Raf8 21.Rce1 e5
22.Bd6 Rxf3 23.gxf3 Rxf3 24.Re3 Rxe3 25.fxe3 Bf5 26.Kg2 b6 27.Kg3 Kf7 28.e4 dxe4
29.Kf2 Ke6 30.Bf8 e3+ 31.Kxe3 Bxc2 32.Rf2 Bf5 33.a4 Nb8 34.Rb2 Nd7 35.Bh6 Nf6
36.Bg7 Nd5+ 37.Kd2 a5 38.Bh6 Kd6 39.Bg5 Kc7 40.Rb5 Kc6 41.Bd8 Bd7 42.h4 e4
43.Rxd5 Kxd5 44.Bxb6 Ke5 45.Ke3 Bxa4 46.Bxa5 Kf5 47.Bd8 h6 48.Be7 Be8 49.Bf8 g5
50.h5 g4 51.Bxh6 g3 52.Bf4 Kg4 53.Kxe4 Bxh5 54.Ke3  1/2-1/2

[Event "Heart of Finland op"]
[Site "Jyvaskyla"]
[Date "1998.??.??"]
[Round "?"]
[White "Pirttimaki, Timo"]
[Black "Linqvist, Grels"]
[Result "1/2-1/2"]
[WhiteElo "2265"]
[BlackElo "2145"]

1.e4 e6 2.d4 d5 3.Nc3 Bb4 4.e5 Qd7 5.Qg4 f5 6.Qg3 b6 7.a3 Bxc3+ 8.Qxc3 Ba6
9.Bxa6 Nxa6 10.Qd3 Nb8 11.Be3 Ne7 12.Ne2 Nbc6 13.O-O Na5 14.b3 O-O 15.Rfd1 Nb7
16.c4 c6 17.Nf4 Rac8 18.h4 Ng6 19.Nxg6 hxg6 20.g3 Nd8 21.a4 Nf7 22.f4 Rfd8
23.Qe2 Qb7 24.Rac1 Nh6 25.Kf1 Ng4 26.Bg1 a6 27.Rc3 Kf7 28.Rdc1 Ke8 29.Qc2 Kd7
30.Qd3 Ke8 31.Qc2 Kd7 32.Qe2 Ke8 33.R1c2 Kd7 34.Qd1 Ke8 35.Qc1 Kd7 36.Ke1 Nh6
37.b4 Nf7 38.Qb1 Rh8 39.Qb3 Rhd8 40.b5 dxc4 41.bxc6+ Rxc6 42.Rxc4 Rxc4 43.Qxc4 b5
44.axb5 axb5 45.Rb2 Rb8 46.Qe2 Qd5 47.Qg2 Qc4 48.Rc2 Qb4+ 49.Qd2 Qb1+ 50.Qd1 Qb4+
51.Kf1 Rc8 52.d5 Rxc2 53.dxe6+ Kxe6 54.Qxc2 Qc4+ 55.Qxc4+ bxc4 56.Bc5 Nd8
57.Ke2 Kd5 58.Be7 Ne6 59.Ke3 Kc6 60.Kd2  1/2-1/2

[Event "Kassel op"]
[Site "Kassel"]
[Date "1998.??.??"]
[Round "3"]
[White "Brustkern, Juergen"]
[Black "Felczer, Kevin"]
[Result "1-0"]
[WhiteElo "2230"]
[BlackElo "2115"]

1.e4 e6 2.d4 d5 3.Nc3 Bb4 4.e5 Qd7 5.Bd2 b6 6.a3 Bxc3 7.Bxc3 Ba6 8.Bxa6 Nxa6
9.Qd3 Nb8 10.Qg3 g6 11.Nf3 Ne7 12.Qf4 h6 13.Qf6 Rh7 14.Qh4 Qa4 15.O-O-O c5
16.g4 Nbc6 17.Ng5 cxd4 18.b3 Qa6 19.Bxd4 Nxd4 20.Rxd4 Qxa3+ 21.Kb1 hxg5 22.Qxh7 Nc6
23.Ra4 Qf8 24.h4 Nxe5 25.hxg5 a5 26.Qh8 Nd7 27.Qc3 Ke7 28.Rf4 Qc8 29.Rxf7+ Kxf7
30.Rh7+ Ke8 31.Qg7  1-0

[Event "Klatovy op-B"]
[Site "Klatovy"]
[Date "1998.??.??"]
[Round "?"]
[White "Kupka, Frantisek"]
[Black "Lener, J."]
[Result "1-0"]
[WhiteElo "1910"]
[BlackElo "1810"]

1.e4 e6 2.d4 d5 3.Nc3 Bb4 4.e5 Ne7 5.a3 Bxc3+ 6.bxc3 b6 7.Qg4 Ng6 8.h4 h5
9.Qg3 Nc6 10.Bd3 Nce7 11.Bg5 Kd7 12.Bxg6 fxg6 13.Bxe7 Qxe7 14.Qxg6 Ba6 15.Nf3 Raf8
16.Rh3 Rh6 17.Qg5 Qf7 18.Rg3 Rg8 19.Ng1 Qe8 20.Nh3 Kc8 21.Kd2 Qf7 22.Qe3 Rhh8
23.Rf3 Qe8 24.Qg5 g6 25.Rf6 Rf8 26.Qxg6 Qe7 27.Ng5 Rxf6 28.Qxf6 Qxf6 29.exf6 Rf8
30.f7 Kd7 31.Re1  1-0

[Event "La Coruna op"]
[Site "La Coruna"]
[Date "1998.??.??"]
[Round "?"]
[White "Abella, Carlos"]
[Black "Guerra Bastida, Diego"]
[Result "1-0"]
[WhiteElo "2180"]
[BlackElo "2295"]

1.e4 e6 2.d4 d5 3.Nc3 Bb4 4.e5 Ne7 5.Bd2 O-O 6.Qh5 f5 7.a3 Bxc3 8.Bxc3 Qe8
9.Qg5 b6 10.Nh3 Ng6 11.Be2 Qd8 12.Qh5 Qh4 13.Qxh4 Nxh4 14.g3 Ng6 15.f4 c5
16.b4 cxd4 17.Bxd4 Nc6 18.c3 Bd7 19.Kd2 Rac8 20.Rhc1 Rc7 21.Ng5 Rfc8 22.Ba6 Nxd4
23.cxd4 Rxc1 24.Rxc1 Rxc1 25.Kxc1 b5 26.Kb2 Ne7 27.a4 bxa4 28.b5 h6 29.Nf3 Kf8
30.Ka3 Ke8 31.Kxa4 Kd8 32.Kb4 Kc7 33.Kc5 Be8 34.Ne1 Bh5 35.h4 Ng6 36.Nd3 Nf8
37.Kb4 Be8 38.Nc5 Bd7 39.Bb7 Be8 40.Ba8 Bd7 41.Ka5 Be8 42.Na6+ Kd8 43.Bc6 Bxc6
44.bxc6 Ng6 45.Nc5 Nf8 46.Kb5 Kc7 47.Na6+ Kd8 48.Kc5 Ke7 49.Nb8 Kd8 50.Kd6 Kc8
51.c7 Kb7 52.Nc6 a5 53.Ne7  1-0

[Event "La Coruna op"]
[Site "La Coruna"]
[Date "1998.??.??"]
[Round "?"]
[White "Abella, Carlos"]
[Black "Garcia Carbo, Marcial"]
[Result "1/2-1/2"]
[WhiteElo "2180"]
[BlackElo "2390"]

1.e4 e6 2.d4 d5 3.Nc3 Bb4 4.e5 Ne7 5.Bd2 O-O 6.Qh5 c5 7.a3 Bxc3 8.Bxc3 b6
9.Bd3 Nf5 10.Nf3 Nc6 11.g4 g6 12.Qh3 Nfxd4 13.Bxd4 Nxd4 14.Nxd4 cxd4 15.Qh6 Qc7
16.f4 f6 17.O-O Qg7 18.Qxg7+ Kxg7 19.g5 f5 20.Rac1 Bd7 21.c3 dxc3 22.Rxc3 Rac8
23.Rfc1 Rxc3 24.Rxc3 Rc8 25.Rxc8 Bxc8 26.Kf2 Kf7 27.Ke3 Ke7 28.b4 Kd8 29.b5 Kc7
30.h4 Bd7  1/2-1/2

[Event "SCO-ch"]
[Site "Largs"]
[Date "1998.??.??"]
[Round "3"]
[White "Nolan, Graeme"]
[Black "Buchanan, Walter F"]
[Result "1-0"]
[WhiteElo "2055"]
[BlackElo "2135"]

1.e4 e6 2.d4 d5 3.Nc3 Bb4 4.e5 Qd7 5.a3 Bf8 6.Nf3 b6 7.Bb5 c6 8.Ba4 Ba6 9.Ne2 Bb5
10.Bb3 c5 11.c3 Nc6 12.O-O O-O-O 13.Re1 Bxe2 14.Qxe2 c4 15.Bc2 Kb7 16.Be3 Rc8
17.Nd2 f6 18.f4 Nh6 19.b3 cxb3 20.Nxb3 f5 21.Reb1 Kc7 22.a4 Be7 23.a5 Rb8
24.axb6+ axb6 25.Bd3 Nf7 26.Bb5 Ra8 27.Ra2 g5 28.Rba1 Rxa2 29.Rxa2 Rb8 30.Qh5 gxf4
31.Bxf4 Nfd8 32.Qxh7 Kb7 33.Bg5 Ra8 34.Rxa8 Kxa8 35.Qxe7 Qxe7 36.Bxc6+ Nxc6
37.Bxe7 Nxe7 38.Kf2 Kb7 39.Ke3 Ng6 40.g3 Kc6 41.Nd2 Kb5 42.h4 f4+ 43.Kf3 fxg3
44.Kxg3 Ka4 45.h5 Nf8 46.Kf4 Nh7 47.h6 b5 48.Ke3 b4 49.cxb4 Kxb4 50.Nf3 Kc4
51.Nh2 Kb5 52.Ng4  1-0

[Event "SCO-ch"]
[Site "Largs"]
[Date "1998.??.??"]
[Round "4"]
[White "Nolan, Graeme"]
[Black "Grant, Alan"]
[Result "1-0"]
[WhiteElo "2055"]
[BlackElo "2185"]

1.e4 e6 2.d4 d5 3.Nc3 Bb4 4.e5 Ne7 5.a3 Bxc3+ 6.bxc3 b6 7.Qg4 Nf5 8.Bd3 h5
9.Qf4 Qh4 10.Qxh4 Nxh4 11.Bg5 Nf5 12.Ne2 Ba6 13.Kd2 Kd7 14.Ng3 g6 15.h4 Rc8
16.Ne2 Bxd3 17.cxd3 c5 18.dxc5 Rxc5 19.f3 Nc6 20.g4 Nfe7 21.d4 Rc4 22.Nf4 Na5
23.gxh5 gxh5 24.Nxh5 Nb3+ 25.Kd3 Nxa1 26.Nf6+ Kc6 27.Rxa1 Rh8 28.Rh1 Ng8
29.Ng4 Rh5 30.Ne3 Ra4 31.Nc2 Kd7 32.Rg1 Nh6 33.Bf6 Rc4 34.Rg7 Nf5 35.Rxf7+ Ke8
36.Rxa7 Nxh4 37.Re7+ Kf8 38.Rxe6 Nxf3 39.Rxb6 Rh3 40.Rb8+ Kf7 41.Rb7+ Kg6
42.Ne3 Rc6 43.Rg7+ Kh6 44.Nf5+ Kh5 45.Rh7+ Kg4 46.Ne3+ Kg3 47.Rxh3+ Kxh3
48.Nxd5 Kg4 49.Be7 Rh6 50.Bb4 Kf5 51.a4 Ke6 52.Nb6 Rh1 53.a5 Ra1 54.Kc4 Ne1
55.Kb5 Nd3 56.a6 Nf4 57.Ba5 Rb1+ 58.Kc6 Ra1 59.Nc4 Rh1 60.a7 Rh8 61.Nb6  1-0

[Event "SCO-ch"]
[Site "Largs"]
[Date "1998.??.??"]
[Round "7"]
[White "Stevenson, James"]
[Black "Grant, Alan"]
[Result "1-0"]
[WhiteElo "2135"]
[BlackElo "2185"]

1.e4 e6 2.d4 d5 3.Nc3 Bb4 4.e5 Ne7 5.a3 Bxc3+ 6.bxc3 c5 7.Qg4 cxd4 8.Qxg7 Rg8
9.Qxh7 Qa5 10.Ne2 Nbc6 11.f4 dxc3 12.Rb1 Bd7 13.Qd3 d4 14.Nxd4 Nxd4 15.Qxd4 Nf5
16.Qb4 Qd5 17.Qxb7 Bc6 18.Qxc6+ Qxc6 19.Bb5 Qxb5 20.Rxb5 Rxg2 21.Rc5 Rb8
22.Rxc3 Rb1 23.Kd1 Nd4 24.Re1 Rxh2 25.Rc8+ Ke7 26.Rc7+ Kf8 27.Rc3 Rf2 28.Rc8+ Ke7
29.Rc7+ Kd8 30.Rc3 Rxf4 31.Rd3 Kc7 32.Rc3+ Kb7 33.Rc4 a5 34.c3 Ne2 35.Rxf4 Nxf4
36.Kc2 Ra1 37.Re3 Nd5 38.Rf3 Nb6 39.Kb2 Rxc1 40.Rxf7+ Kc6 41.Kxc1 Nc4 42.Kc2 Nxe5
43.Ra7 Nc4 44.Kb3 Nd2+ 45.Kc2 Nc4 46.Kd3 Kb6 47.Re7 Nxa3 48.Rxe6+ Kb5 49.Re4 Kb6
50.c4 Kc5 51.Kc3 Nb1+ 52.Kc2 Na3+ 53.Kb3 Nb1 54.Re5+ Kb6 55.Re2 Kc5 56.Kb2  1-0

[Event "SCO-ch"]
[Site "Largs"]
[Date "1998.??.??"]
[Round "9"]
[White "Bryson, Douglas M"]
[Black "Stevenson, James"]
[Result "1-0"]
[WhiteElo "2385"]
[BlackElo "2135"]

1.e4 e6 2.d4 d5 3.Nc3 Bb4 4.e5 Ne7 5.a3 Bxc3+ 6.bxc3 c5 7.Qg4 cxd4 8.Qxg7 Rg8
9.Qxh7 Qa5 10.Rb1 Qxc3+ 11.Bd2 Qc7 12.f4 Nbc6 13.Nf3 Bd7 14.Ng5 Rxg5 15.fxg5 O-O-O
16.Qh4 Qxe5+ 17.Be2 d3 18.cxd3 Nd4 19.Qf2 Ba4 20.Bf4 Qg7 21.O-O Nec6 22.Rfc1 Bc2
23.Rb4 Nxb4 24.axb4 Kd7 25.Bg4 Rc8 26.h3 Ba4 27.Rxc8 Kxc8 28.Kh2 Nc6 29.Qc5 b6
30.Qd6 Kb7 31.Qc7+ Ka6 32.Bxe6 Qd4 33.Bc8+ Kb5 34.Bd7 Qc3 35.Bd6 Qc1 36.Bc5  1-0

[Event "VfB op 5th"]
[Site "Leipzig"]
[Date "1998.??.??"]
[Round "5"]
[White "Goessling, Guido"]
[Black "Spiess, Gunter"]
[Result "0-1"]
[WhiteElo "2140"]
[BlackElo "2400"]

1.e4 e6 2.d4 d5 3.Nc3 Bb4 4.e5 b6 5.Qg4 Bf8 6.Bb5+ c6 7.Ba4 Ba6 8.Nge2 Ne7
9.Ng3 Qd7 10.Qf3 b5 11.Bb3 c5 12.dxc5 Ng6 13.Qh5 Bxc5 14.f4 O-O 15.Bd2 b4
16.Nce2 Bb5 17.c3 Nc6 18.Bc2 bxc3 19.bxc3 d4 20.Ne4 Be7 21.cxd4 Bxe2 22.Qxe2 Nxd4
23.Qd3 Nxc2+ 24.Qxc2 Rac8 25.Nc3 Bb4 26.Rc1 Rfd8 27.Rf1 Rc4 28.g3 Qc6 29.Ke2 Ne7
30.Qb2 Nf5 31.Nb1 Qe4+  0-1

[Event "Ljubljana op"]
[Site "Ljubljana"]
[Date "1998.??.??"]
[Round "3"]
[White "Mazi, Leon"]
[Black "Praznik, Niko"]
[Result "1/2-1/2"]
[WhiteElo "2420"]
[BlackElo "2200"]

1.e4 e6 2.d4 d5 3.Nc3 Bb4 4.e5 Ne7 5.Nf3 c5 6.a3 Bxc3+ 7.bxc3 Qa5 8.Bd2 Nbc6
9.Be2 Bd7 10.O-O c4 11.a4 f6 12.Re1 fxe5 13.Nxe5 Nxe5 14.dxe5 O-O 15.Bg4 Nf5
16.Qb1 Rab8 17.Qb4 Qd8 18.a5 Qh4 19.Bxf5 Rxf5 20.Be3 a6 21.Qd6 Qd8 22.Reb1 Qc8
23.Rb6 Bc6 24.Rab1 Ra8 25.Qe7 Rf7 26.Qg5 Qf8 27.Ra1 Rf5 28.Qg3 Qf7 29.Re1 Qe7
30.Rb4 d4 31.Bd2 dxc3 32.Qxc3 Bd5 33.Rbb1  1/2-1/2

[Event "FRA-chB"]
[Site "Meribel"]
[Date "1998.??.??"]
[Round "4"]
[White "Guidarelli, Laurent"]
[Black "Roos, Louis"]
[Result "0-1"]
[WhiteElo "2225"]
[BlackElo "2360"]

1.e4 e6 2.d4 d5 3.Nc3 Bb4 4.e5 b6 5.Qg4 Bf8 6.Nf3 Ba6 7.Nb5 Qd7 8.a4 Ne7
9.Bd3 Nf5 10.Qf4 c6 11.g4 cxb5 12.axb5 Nh4 13.Nxh4 Bxb5 14.Bxb5 Qxb5 15.Nf3 Nc6
16.Ng5 Nd8 17.h4 Rc8 18.c3 a5 19.h5 h6 20.Nh3 a4 21.Qf3 Be7 22.Rg1 Qb3 23.Rg3 a3
24.Rxa3 Bxa3 25.bxa3 Qb1 26.Kd1 Nc6 27.Qf4 Qb3+ 28.Ke1 Ne7 29.Bd2 Qxa3 30.Rf3 Qa1+
31.Ke2 Qa6+ 32.Ke1 Rf8 33.g5 Nf5 34.Qg4 Qa1+ 35.Ke2 Qb1 36.Nf4 Qe4+ 37.Kf1 hxg5  0-1

[Event "Montpellier opA"]
[Site "Montpellier"]
[Date "1998.??.??"]
[Round "7"]
[White "Hamdouchi, Hichem"]
[Black "Kosten, Anthony C"]
[Result "1/2-1/2"]
[WhiteElo "2535"]
[BlackElo "2535"]

1.e4 e6 2.d4 d5 3.Nc3 Bb4 4.e5 Ne7 5.a3 Bxc3+ 6.bxc3 c5 7.Nf3 b6 8.Bb5+ Bd7
9.Bd3 c4 10.Be2 Ba4 11.O-O h6 12.g3 Kd7 13.Nh4 Qg8 14.f4 Qh7 15.f5 Na6 16.Bg4 Nc7
17.Rf2 g5 18.fxg6 fxg6 19.Qf1 Rag8 20.Ng2 Nf5 21.Bh3 Ke8 22.Qe2 Rf8 23.Bb2 Rf7
24.Raf1 Rhf8 25.Bc1 Nb5 26.Bb2 Nc7 27.Bg4 h5 28.Bh3 g5 29.g4 Nh6 30.Rxf7 Rxf7
31.Rxf7 Kxf7 32.Ne1 hxg4 33.Bxg4 Nxg4 34.Qxg4 Bxc2 35.Nf3 Qf5  1/2-1/2

[Event "Petrosian mem-J"]
[Site "Moscow"]
[Date "1998.??.??"]
[Round "?"]
[White "Grachev, Boris"]
[Black "Iochis, Daniil"]
[Result "0-1"]
[WhiteElo "2205"]
[BlackElo "2205"]

1.e4 e6 2.d4 d5 3.Nc3 Bb4 4.e5 Qd7 5.a3 Bxc3+ 6.bxc3 b6 7.Nf3 Ba6 8.Bxa6 Nxa6
9.h4 Ne7 10.h5 h6 11.Nh4 Nb8 12.Qg4 Rg8 13.Rh3 Qa4 14.Kd1 Nbc6 15.Qf4 Kd7
16.Qe3 Na5 17.f4 Rac8 18.f5 c5 19.f6 cxd4 20.Qf4 gxf6 21.exf6 Nec6 22.Rg3 Rxg3
23.Qxg3 d3 24.Bd2 dxc2+ 25.Ke1  0-1

[Event "RUS-Cup02"]
[Site "Moscow"]
[Date "1998.??.??"]
[Round "8"]
[White "Dolmatov, Sergey"]
[Black "Danielian, Oganes"]
[Result "1-0"]
[WhiteElo "2570"]
[BlackElo "2450"]

1.e4 e6 2.d4 d5 3.Nc3 Bb4 4.e5 b6 5.a3 Bf8 6.Nf3 Ne7 7.h4 h5 8.Bg5 Qd7 9.Bb5 c6
10.Ba4 Ba6 11.Ne2 Nf5 12.c3 Bb5 13.Bc2 Ne7 14.a4 Ba6 15.b4 Qc8 16.O-O Nd7
17.Re1 g6 18.Nf4 Bg7 19.Qb1 Rg8 20.b5 Bb7 21.Bd3 a6 22.Qb2 Bf8 23.Nd2 c5
24.bxa6 Bxa6 25.Bxa6 Qxa6 26.c4 dxc4 27.Ne4 Nf5 28.d5 Nd4 29.Qc3 Be7 30.dxe6 fxe6
31.Nd6+ Bxd6 32.exd6 e5 33.Nd5 Kf8 34.Nc7 Qa5 35.Bh6+ Kf7 36.Qxc4+ Kf6 37.Nd5+  1-0

[Event "EU-ch U18"]
[Site "Murek"]
[Date "1998.??.??"]
[Round "5"]
[White "De Vreugt, Dennis"]
[Black "Vallin, Guillaume"]
[Result "1-0"]
[WhiteElo "2350"]
[BlackElo "2315"]

1.e4 e6 2.d4 d5 3.Nc3 Bb4 4.e5 Qd7 5.Bd2 b6 6.a3 Bf8 7.h4 Bb7 8.h5 Nc6 9.Nf3 O-O-O
10.Bd3 f6 11.Bf4 Nh6 12.Qe2 Nf7 13.Bb5 Kb8 14.O-O-O Qc8 15.Bg3 fxe5 16.Bxc6 Bxc6
17.Nxe5 Nxe5 18.Bxe5 Rg8 19.Rde1 Qd7 20.Rh3 Kb7 21.Kb1 Qf7 22.g4 Be7 23.Rf3 Qe8
24.Qd3 g6 25.Bf6 Rd6 26.hxg6 Rxg6 27.Be5 Rd8 28.Rh3 Rxg4 29.Rxh7 Bd6 30.Qh3 Rg6
31.Qh2 Bxe5 32.Qxe5 Rd7 33.Reh1 Rg1+ 34.Ka2 Rxh1 35.Rxh1 Qg6 36.Kb3 Rf7 37.f4 Qf5
38.Rh4 a5 39.Qxf5 Rxf5 40.Nd1 Rf6 41.Ne3 Be8 42.Kc3 Bf7 43.Kd2 c5 44.dxc5 bxc5
45.a4 Kb6 46.b3 c4 47.bxc4 d4 48.Nd1 Be8 49.Nb2 Kc5 50.Rh8 Bc6 51.Rd8 Be4
52.Rc8+ Kb4 53.Rb8+ Ka3 54.Rb3+ Ka2 55.Nd3 Rh6 56.Nc1+ Ka1 57.Ra3+ Kb2 58.Rb3+ Ka1
59.Ne2 Rh2 60.Kc1 Rh1+ 61.Kd2 Rh2 62.Rb6 Bf5 63.Ke1 d3 64.cxd3 Bxd3 65.Nc3 Rh1+
66.Kd2 Bxc4 67.Ke3 Rh4 68.Rb1+  1-0

[Event "Newport"]
[Site "Newport"]
[Date "1998.??.??"]
[Round "4"]
[White "Varley, Peter"]
[Black "Williams, Simon"]
[Result "0-1"]
[WhiteElo "2210"]
[BlackElo "2315"]

1.e4 e6 2.d4 d5 3.Nc3 Bb4 4.e5 Qd7 5.Bd2 b6 6.Nce2 Bf8 7.g3 Ba6 8.Bh3 c5
9.c3 Nc6 10.Nf3 h6 11.O-O Bd3 12.Be3 Be4 13.Nf4 cxd4 14.cxd4 Nge7 15.Nd2 Bh7
16.Qa4 Nxe5 17.Qb3 N5c6 18.Rfe1 Nf5 19.Nf3 Be7 20.Rac1 O-O 21.Qa4 Rac8 22.Bf1 Ne5
23.Qxd7 Nxd7 24.Ba6 Rxc1 25.Rxc1 Nb8 26.Be2 Bd6 27.Bd2 Ne7 28.Nd3 Rc8 29.Bc3 f6
30.Re1 Kf7 31.Bf1 g5 32.h4 Be4 33.Be2 Nbc6 34.hxg5 hxg5 35.Nd2 Bg6 36.Kg2 Nf5
37.Nb3 a5 38.a4 e5 39.dxe5 fxe5 40.Bg4 Re8 41.Rc1 Nxg3 42.Bd7 Ne2 43.Bxc6 Bxd3
44.Bxe8+ Kxe8 45.Ra1 Bc2 46.Nc1 Nf4+ 47.Kf1 d4 48.Bd2 e4 49.Ra2 d3 50.Ra1 Nd5
51.Na2 Bf4 52.Ke1 Bxa4 53.Nb4 Bb3 54.Ra3 axb4 55.Rxb3 Bxd2+ 56.Kxd2 g4  0-1

[Event "Newport"]
[Site "Newport"]
[Date "1998.??.??"]
[Round "6"]
[White "Tan, Desmond"]
[Black "Williams, Simon"]
[Result "1/2-1/2"]
[WhiteElo "2110"]
[BlackElo "2315"]

1.e4 e6 2.d4 d5 3.Nc3 Bb4 4.e5 b6 5.Bd2 Qd7 6.Bb5 c6 7.Ba4 a5 8.a3 Bf8 9.Nce2 Ba6
10.Nf3 Bb5 11.Bb3 c5 12.c3 Nc6 13.O-O Qb7 14.Re1 Be7 15.Bc2 Qa6 16.Be3 a4
17.Ng3 h5 18.h4 g6 19.Bg5 Bf8 20.Qd2 Ra7 21.Rad1 Bc4 22.Qc1 Bb3 23.Bd3 c4  1/2-1/2

[Event "GER-ch U17"]
[Site "Oberhof"]
[Date "1998.??.??"]
[Round "?"]
[White "Grafl, Florian"]
[Black "Foerster, Jonas"]
[Result "1-0"]
[WhiteElo "2165"]
[BlackElo "2070"]

1.e4 e6 2.d4 d5 3.Nc3 Bb4 4.e5 b6 5.Qg4 Bf8 6.Bg5 Qd7 7.O-O-O Ba6 8.Bxa6 Nxa6
9.f4 g6 10.Qe2 Nb8 11.g4 h6 12.Bh4 Bb4 13.Be1 Ne7 14.Nf3 Nbc6 15.a3 Bxc3
16.Bxc3 O-O-O 17.h3 Kb7 18.Rdf1 a6 19.Qd3 Na7 20.Bd2 c5 21.c3 c4 22.Qc2 Nac6
23.Nh4 Na5 24.Kd1 Nb3 25.Be3 Rdg8 26.f5 gxf5 27.gxf5 Rg3 28.Qf2 Rhg8 29.fxe6 fxe6
30.Rfg1 Rxg1+ 31.Rxg1 Rxg1+ 32.Qxg1 Qe8 33.Qg4 Qf7 34.Ke1 h5 35.Qg5 Qh7 36.Kf2 Kc7
37.Qf6 Kd7 38.Bg5 Qc2+ 39.Kg3 Qd3+ 40.Kh2 Qh7 41.Ng2 Na5 42.Qxe7+ Qxe7 43.Bxe7 Kxe7
44.Nf4 Nb3 45.Kg2 Nc1 46.Kf2 Kf7 47.Ke3 h4 48.Kd2 Nb3+ 49.Kc2 Na5 50.Ng2 Kg6
51.Nxh4+ Kg5 52.Ng2 Nc6 53.Kd2 b5 54.Ke3 a5 55.Kf3 b4 56.axb4 axb4 57.h4+ Kf5
58.Ne3+ Kg6 59.Kg4 Nxd4 60.cxd4 c3 61.bxc3 bxc3 62.h5+ Kh6  1-0

[Event "RUS-Cup"]
[Site "Omsk/Perm"]
[Date "1998.??.??"]
[Round "8"]
[White "Gorbushin, Anatoly"]
[Black "Fakhretdinov, Robert"]
[Result "0-1"]
[WhiteElo "2255"]
[BlackElo "2395"]

1.e4 e6 2.d4 d5 3.Nc3 Bb4 4.e5 b6 5.Qg4 Bf8 6.Bg5 Qd7 7.h4 h6 8.Bd2 Ba6 9.Bxa6 Nxa6
10.Qe2 Nb4 11.Be3 c5 12.Nf3 Nc6 13.O-O cxd4 14.Bxd4 Nge7 15.Be3 Nf5 16.Bf4 Bb4
17.Qd3 Bxc3 18.Qxc3 Rc8 19.Qd2 Qe7 20.g3 Qb4 21.Qd3 Na5 22.a3 Qxb2 23.Qa6 O-O
24.Qxa7 Ra8 25.Qd7 Nc4 26.a4 Qxc2 27.Kg2 Rfd8 28.Qb7 Qe4 29.Rfe1 Nxh4+ 30.gxh4 Qxf4  0-1

[Event "HUN-ch U14"]
[Site "Paks"]
[Date "1998.??.??"]
[Round "2"]
[White "Hudecz, Viktor"]
[Black "Berkes, Ferenc"]
[Result "0-1"]
[WhiteElo "2135"]
[BlackElo "2230"]

1.e4 e6 2.d4 d5 3.Nc3 Bb4 4.e5 Ne7 5.a3 Bxc3+ 6.bxc3 c5 7.Qg4 Qc7 8.Bd3 cxd4
9.Ne2 dxc3 10.Qxg7 Rg8 11.Qxh7 Qxe5 12.Bf4 Qf6 13.h4 Nd7 14.Bg5 Qh8 15.Qxh8 Rxh8
16.Nxc3 a6 17.Ne2 f6 18.Bd2 Kf7 19.Bb4 Ne5 20.Nf4 Bd7 21.f3 Rac8 22.h5 Ba4
23.c3 Nxd3+ 24.Nxd3 e5 25.Kd2 b6 26.Bxe7 Kxe7 27.g4 Ke6 28.Rac1 Bb5 29.Ke3 Rxc3
30.Rxc3 d4+ 31.Ke4 dxc3 32.Rc1 Rc8 33.f4 c2 34.f5+ Kf7 35.Ne1 Rc4+ 36.Ke3 Ba4
37.Kd3 Rxg4 38.Nxc2 Bb5+ 39.Kd2 Rg2+ 40.Kc3 Rg5 41.Ne3 Rxh5 42.a4 Bxa4 43.Kb4 Rh4+
44.Ka3 Rh3 45.Rc7+ Kg8 46.Kxa4 Rxe3 47.Rb7 Rf3 48.Rxb6 Rxf5 49.Rxa6 Kg7 50.Kb3 Rf4
51.Kc3 Rd4 52.Ra1 Rd8 53.Rg1+ Kf7 54.Ra1 Ke6 55.Ra5 f5  0-1

[Event "Atom Cup IM 3rd"]
[Site "Paks"]
[Date "1998.??.??"]
[Round "2"]
[White "Senff, Martin"]
[Black "Berkes, Ferenc"]
[Result "1-0"]
[WhiteElo "2395"]
[BlackElo "2290"]

1.e4 e6 2.d4 d5 3.Nc3 Bb4 4.e5 Ne7 5.a3 Bxc3+ 6.bxc3 c5 7.h4 Qa5 8.Bd2 Nbc6
9.h5 h6 10.Qg4 Bd7 11.Qxg7 O-O-O 12.Bd3 Qb6 13.Nf3 cxd4 14.O-O dxc3 15.Rab1 Qa5
16.Bxh6 d4 17.Rb5 Qc7 18.Ng5 Rdg8 19.Qf6 Nd8 20.Qxe7 Bxb5 21.Qf6 Bxd3 22.cxd3 Rxh6
23.Qxh6 Qxe5 24.Nf3 Qf5 25.Ne1 Rg5 26.Qh8 Qg4 27.f3 Qf4 28.Rf2 e5 29.Kf1 Qh2
30.g4 Qf4 31.Qf8 Qf6 32.h6 Rg6 33.h7 Rh6 34.g5 Rh1+ 35.Kg2 Qxg5+ 36.Kxh1 Qh4+
37.Kg1 Qxh7 38.Rg2 Qh4 39.Qc5+ Nc6 40.Qf8+ Nd8 41.Kf1 Kd7 42.Qc5 Nc6 43.Qd5+ Kc7
44.Qb5 Qh1+ 45.Ke2 Kd6 46.Qxb7 Qh5 47.Qc8 Qh6 48.Qf5 Ke7 49.Qg5+  1-0

[Event "Atom Cup IM 3rd"]
[Site "Paks"]
[Date "1998.??.??"]
[Round "4"]
[White "Palkovi, Jozsef"]
[Black "Berkes, Ferenc"]
[Result "1/2-1/2"]
[WhiteElo "2435"]
[BlackElo "2290"]

1.e4 e6 2.d4 d5 3.Nc3 Bb4 4.e5 Ne7 5.a3 Bxc3+ 6.bxc3 c5 7.h4 Qa5 8.Bd2 Nbc6
9.Nf3 Bd7 10.h5 h6 11.Rb1 Qc7 12.Be2 O-O-O 13.O-O g5 14.Be3 Rdf8 15.Nh2 f6
16.exf6 Rxf6 17.Ng4 Rf7 18.Qd2 Nf5 19.Bb5 Nd6 20.a4 c4 21.Qe1 Ne4 22.Bxc6 Bxc6
23.Ne5 Rf5 24.f3 Rhf8 25.g4 R5f6 26.Ra1 Be8 27.a5 a6 28.Kg2 Nd6 29.Bg1 Nb5
30.Bh2 Qh7 31.Rf2 Qe7 32.Re2 Bf7 33.Re3 Be8 34.Qe2 Qh7 35.Bg3 Qe7 36.Qd2 Qd8
37.Qc1 Qe7 38.Qb2 Kd8 39.Re2 Kc8 40.Rf2 Kd8 41.Re2 Kc8 42.Re3 Kd8 43.Qb1 Kc8
44.Qe1 Qh7 45.Re2 Rg8 46.Rf2 Rgf8 47.Qe3 Qg7 48.Kh3 Qe7 49.Qd2 Nd6 50.Re1 Qd8
51.Ra1 Qe7 52.Rb1 Nb5 53.Ra1 Nd6  1/2-1/2

[Event "HUN-ch U16"]
[Site "Paks"]
[Date "1998.??.??"]
[Round "7"]
[White "Bokros, Albert"]
[Black "Gonczi, Jozsef"]
[Result "1/2-1/2"]
[WhiteElo "2365"]
[BlackElo "2140"]

1.e4 e6 2.d4 d5 3.Nc3 Bb4 4.e5 Qd7 5.Bd2 b6 6.a3 Bf8 7.Bb5 c6 8.Ba4 a5 9.Nce2 Na6
10.c3 Nc7 11.Bc2 Ba6 12.Nh3 Ne7 13.O-O a4 14.Re1 Bb5 15.Nef4 g6 16.Qf3 c5
17.Ng5 Nc6 18.Be3 c4 19.h4 O-O-O 20.Nfh3 Be7 21.Qd1 Rdf8 22.Bxa4 Bxa4 23.Qxa4 Nxe5
24.Qa7 Nd3 25.Red1 Qc6 26.Nf4 Nxf4 27.Bxf4 Bxg5 28.hxg5 Kd7 29.b4 Ra8 30.Qxc7+ Qxc7
31.Bxc7 Kxc7 32.a4 h6 33.gxh6 Rxh6 34.f3 Kd6 35.Kf2 g5 36.Ra2 Rhh8 37.Rda1 Ra7
38.Kg3 f6 39.a5 Rha8 40.a6 b5 41.Ra5 Kc6 42.f4 gxf4+ 43.Kxf4 Kb6 44.Re1 Re8
45.g4 Rxa6 46.Rxa6+ Kxa6 47.g5 fxg5+ 48.Kxg5 Kb7 49.Kf6 Rf8+ 50.Ke7 Rf3 51.Kd6 Rxc3
52.Rxe6 Rb3 53.Kc5 c3 54.Re7+ Ka6 55.Re2 Rb2 56.Re3 Rb3 57.Re6+ Kb7 58.Kxb5 c2
59.Rb6+ Ka7 60.Rc6 Rd3 61.Rc7+ Kb8 62.Rxc2 Rxd4 63.Kc5 Rc4+ 64.Rxc4 dxc4
65.Kxc4 Kc8  1/2-1/2